Представление документа в формате RUSMARC

ПолеНазваниеЗначение
  Тип записи a
  Библиографический уровень m
001 Контрольный номер RU/SLIB/B/208737291
005 Дата корректировки 20241209121418.1
010 Индекс ISBN __
d Цена 3-80
101 Язык документа 0_
a Язык текста rus
200 Заглавие и сведения об ответственности 1_
a Заглавие Основные законы химии
e Сведения, относящиеся к заглавию в 2 т.
f Первые сведения об ответственности Дикерсон Р.; пер. с англ. Е. Л. Розенберга
b Общее обозначение материала Текст
h Номер части Т. 1
210 Выходные данные 1_
a Место издания М.
c Издательство Мир
d Дата издания 1982
215 Физическое описание __
a Объем 652 с.
c Иллюстрации/тип воспроизводства ил.
606 Тематические рубрики __
a Основная рубрика Химия
606 Тематические рубрики __
a Основная рубрика Общая и неорганическая химия в целом
610 Ключевые слова 0_
a Ключевые слова периодический закон; атомы; молекулы; закон сохранения; молекулярно-кинетическая теория; химическое равновесие; химические растворы; квантовая теория; органические вещества; общая химия
686 Индексы других классификаций __
a Классификационный индекс 24.1; ст24.1
700 Автор _1
a Фамилия Дикерсон
b Имя Р.
4 Код отношения 070
702 Вторичная интеллектуальная ответственность _1
a Фамилия Грей
b Имя Г.
4 Код отношения Автор
702 Вторичная интеллектуальная ответственность _1
a Фамилия Хейт
b Имя Дж.
4 Код отношения Автор
801 Источник записи _0
a Страна RU
b Организация Муниципальное бюджетное учреждение культуры "Централизованная библиотечная система" г. Сургут (Центральная городская библиотека им. А. С. Пушкина)
g Правила каталогизации КиК/Уланова
801 Источник записи _1
a Страна RU
b Организация Муниципальное бюджетное учреждение культуры "Централизованная библиотечная система" г. Сургут (Центральная городская библиотека им. А. С. Пушкина)
g Правила каталогизации КиК/Уланова
852 Данные о местонахождении __
j Шифр хранения 24.1
c Каталожный индекс 24.1
i Авторский знак Д 45
p Инвентарный номер 11914
901 Тип документа __
t Тип документа m
990 Данные о заказе (DOS) __
j Количество экземпляров (DOS) 2
t N записи в КСУ для И/У (DOS) 199101